000 00315nam a2200133Ia 4500
008 100328s9999 xx 000 0 und d
082 _b16169
100 _aVenner R.C.
245 _aSwimming For All
260 _bG.Bell & Sons Ltd.
630 _aSwimming For All
730 _aSwimming For All
942 _cBOOK
999 _c510889
_d510886